|
|
|
|
| LEADER |
01462nam a2200433 a 4500 |
| 001 |
nkc20142590700 |
| 003 |
CZ PrNK |
| 005 |
20200812145456.0 |
| 007 |
ta |
| 008 |
140520s2014 xr a a 000 u cze |
| 015 |
|
|
|a cnb002590700
|
| 020 |
|
|
|a 978-80-253-2111-9
|q (váz.)
|
| 035 |
|
|
|a (OCoLC)883372876
|
| 040 |
|
|
|a BOA001
|b cze
|
| 041 |
1 |
|
|a cze
|h und
|
| 072 |
|
7 |
|a 821-93-053.4
|x Literatura pro nejmenší děti
|2 Konspekt
|9 26
|
| 080 |
|
|
|a 821-93-053.4
|2 MRF
|
| 080 |
|
|
|a 821-193
|2 MRF
|
| 080 |
|
|
|a (0:82-193)
|2 MRF
|
| 080 |
|
|
|a (0.025.2)
|2 MRF
|
| 245 |
0 |
0 |
|a Ukolébavky na dobrou noc :
|b říkanky a krásné melodie pro klidné usínání
|
| 250 |
|
|
|a 1. vyd.
|
| 260 |
|
|
|a Praha :
|b Fragment,
|c 2014
|
| 300 |
|
|
|a [8] s. :
|b vše barev. il. ;
|c 27 cm
|
| 500 |
|
|
|a Přeložila Kateřina Vranová
|
| 500 |
|
|
|a Kartonové listy se zvukovým modulem na baterie
|
| 521 |
8 |
|
|a Pro děti od 1 roku
|
| 655 |
|
7 |
|a říkadla
|7 fd133992
|2 czenas
|
| 655 |
|
7 |
|a leporela
|7 fd132727
|2 czenas
|
| 655 |
|
7 |
|a publikace pro nejmenší děti
|7 fd1060157
|2 czenas
|
| 655 |
|
9 |
|a children's poetry
|2 eczenas
|
| 655 |
|
9 |
|a folding picture-books
|2 eczenas
|
| 655 |
|
9 |
|a publications for small children
|2 eczenas
|
| 700 |
1 |
|
|a Vranová, Kateřina
|7 xx0072098
|4 trl
|
| 910 |
2 |
|
|a BOA001
|b 3-1327.553
|
| 990 |
|
|
|a BK
|
| 995 |
|
|
|a 01
|
| 991 |
|
|
|b 201406
|c NOV
|e db
|
| 996 |
6 |
|
|b 2610592099
|c 3-1327.553
|l MZK
|r Sklad / do 1 hodiny
|n 0
|p p.v.
|w 001424768
|u 000010
|a 1
|e BOA001
|j MZK50
|s P
|